Výrobcovia autobusov sa tešia na privatizáciu dopravných podnikov

Hospodárenie slovenských autobusových spoločností. Najlepšie výsledky dosahuje SlovBus, a.s. Nové Mesto nad Váhom, nevykazuje však priaznivé hospodárenie. Výsledky súťaže na obnovu autobusov podnikov Slovenskej autobusovej dopravy (SAD). SlovBusu sa podarilo preniknúť na český trh. Slovenskí výrobco...

Description complète

Enregistré dans:
Détails bibliographiques
Auteur principal: Hrúz, Juraj
Format: Chapitre de livre
Langue:slovaque
Sujets:
Tags: Ajouter un tag
Pas de tags, Soyez le premier à ajouter un tag!

MARC

LEADER 00000naa a2200000 4500
001 r039961
005 20230921110327.3
041 0 |a slo 
044 |a SK 
245 1 0 |a Výrobcovia autobusov sa tešia na privatizáciu dopravných podnikov  |c Juraj Hrúz 
520 |a Hospodárenie slovenských autobusových spoločností. Najlepšie výsledky dosahuje SlovBus, a.s. Nové Mesto nad Váhom, nevykazuje však priaznivé hospodárenie. Výsledky súťaže na obnovu autobusov podnikov Slovenskej autobusovej dopravy (SAD). SlovBusu sa podarilo preniknúť na český trh. Slovenskí výrobcovia autobusov hľadajú východisko v spolupráci so zahraničnými investormi. Štruktúra autobusov premávajúcich na Slovensku. 
610 2 0 |a autobusy 
610 2 0 |a hospodárenie podnikové 
610 2 0 |a hospodárenie finančné 
610 2 0 |a výroba 
610 2 0 |a financie 
610 2 0 |a investície zo zahraničia 
610 2 0 |a podnik dopravný 
610 2 0 |a SlovBus, a.s. Nové Mesto nad Váhom 
610 2 0 |a Slovenská autobusová doprava, š.p. Bratislava 
610 2 0 |a privatizácia 
100 1 |a Hrúz, Juraj